Construction economics: the international role of the chartered quantity surveyor (Record no. 88000)

MARC details
000 -LEADER
fixed length control field 00524cam a2200193 4500
001 - CONTROL NUMBER
control field D15259
008 - FIXED-LENGTH DATA ELEMENTS--GENERAL INFORMATION
fixed length control field 090401t1977 xxu||||| |||| 00| 0 eng d
035 ## - SYSTEM CONTROL NUMBER
System control number (Sirsi) u21532
041 ## - LANGUAGE CODE
Language code of text/sound track or separate title eng
050 ## - LIBRARY OF CONGRESS CALL NUMBER
Classification number 338.4369
110 ## - MAIN ENTRY--CORPORATE NAME
Corporate name or jurisdiction name as entry element Royal Institution of Chartered Surveyors
9 (RLIN) 4900
245 ## - TITLE STATEMENT
Title Construction economics: the international role of the chartered quantity surveyor
260 ## - PUBLICATION, DISTRIBUTION, ETC.
Name of publisher, distributor, etc. RICS
Date of publication, distribution, etc. 1977
300 ## - PHYSICAL DESCRIPTION
Extent 15p
350 ## - PRICE (NR) (BK AM CF MU VM SE) [OBSOLETE]
Price 2
520 ## - SUMMARY, ETC.
Summary, etc. Filed in Archives box 1977/13 ABC
942 ## - ADDED ENTRY ELEMENTS (KOHA)
Suppress in OPAC 0
948 ## - LOCAL PROCESSING INFORMATION (OCLC); SERIES PART DESIGNATOR (RLIN)
c (OCLC) 04/03/1997
Holdings
Withdrawn status Lost status Source of classification or shelving scheme Damaged status Not for loan Home library Current library Shelving location Date acquired Cost, normal purchase price Total Checkouts Full call number Barcode Date last seen Copy number Cost, replacement price Price effective from Koha item type Date last checked out
    Other/Generic Classification Scheme     London London RICS Boxes 14/09/1999 2.00   RICS 1977/13 30009419 06/08/2019 1 2.00 06/08/2019 Reference material  
    Other/Generic Classification Scheme     London London RICS Boxes 13/08/1991 2.00 1 RICS 1977/13 30009423 06/08/2019 2 2.00 06/08/2019 Book 12/12/2007
    Other/Generic Classification Scheme     London London RICS Boxes 22/08/1991 2.00   RICS 1977/13 30026540 06/08/2019 3 2.00 06/08/2019 Reference material